00804nam a2200241Ia 4500003000900000008004100009020002200050040001600072080001500088100002800103245007300131250001200204260002900216300001600245490003900261650002200300650003000322650002300352700003200375942000700407999001700414952013100431IN-BaIIA211028s9999 xx 000 0 eng d a978-1-4614-8847-7 cIIA Library a523.2bMIL aMilone, Eugene F923275 0aSolar system astrophysicscEugene F. Milone and William J. F. Wilson a2nd ed. aNew YorkbSpringerc2014 axvii, 335p. aAstronomy and Astrophysics Library aAstrophysics9794 acience / Astronomy936218 aolar system936219 aWilson, William J. F931995 cBK c18973d18973 00104070aBANbBANcGENd2015-03-02eEDS g8982.00l0o523.2/ MILp19895r2021-11-05v8982.00w2015-03-02yBKGRs. 8982.00